Central Library || Chittagong University

Weather.// (Record no. 112232)

MARC details
000 -LEADER
fixed length control field 00453nam a22001697a 4500
003 - CONTROL NUMBER IDENTIFIER
control field BD-ChCU
005 - DATE AND TIME OF LATEST TRANSACTION
control field 20260416095022.0
008 - FIXED-LENGTH DATA ELEMENTS--GENERAL INFORMATION
fixed length control field 260416b bg ||||| |||| 00| 0 ben d
040 ## - CATALOGING SOURCE
Transcribing agency BD-ChCU
082 ## - DEWEY DECIMAL CLASSIFICATION NUMBER
Classification number 551.6 THW
100 ## - MAIN ENTRY--PERSONAL NAME
Personal name Thompson, Philip D. and others.
9 (RLIN) 21536
245 ## - TITLE STATEMENT
Title Weather.//
Statement of responsibility, etc. Thompson, Philip D. and others.
260 ## - PUBLICATION, DISTRIBUTION, ETC.
Place of publication, distribution, etc. New York
Name of publisher, distributor, etc. Time-Life Books.
Date of publication, distribution, etc. 1968
300 ## - PHYSICAL DESCRIPTION
Extent 200p
650 #0 - SUBJECT ADDED ENTRY--TOPICAL TERM
Topical term or geographic name entry element Weather.
9 (RLIN) 21539
942 ## - ADDED ENTRY ELEMENTS (KOHA)
Source of classification or shelving scheme Dewey Decimal Classification
Koha item type Books
Suppress in OPAC No
Holdings
Withdrawn status Lost status Source of classification or shelving scheme Damaged status Not for loan Home library Current library Shelving location Date acquired Source of acquisition Total Checkouts Full call number Barcode Date last seen Copy number Price effective from Koha item type
    Dewey Decimal Classification     Chittagong University Library Chittagong University Library Science Reading Room 04/16/2026 Purchase   551.6 THW 70249 04/16/2026 C-1 04/16/2026 Books
© Copyright 2025. Chittagong University Library, Installation and Maintenance by Prof. Dr. Md. Alamgir, 01711306253